Sunset Bay [large print] / Susan Mallery.
Record details
- ISBN: 9781602854307 (lib. bdg. : alk. paper)
- ISBN: 1602854300 (lib. bdg. : alk. paper)
- Physical Description: 367 pages (large print) ; 23 cm.
- Edition: Center Point large print edition
- Publisher: Thorndike, Me. : Center Point Pub., 2009.
Content descriptions
| General Note: | Originally published: New York : Pocket Star, 2009. |
Search for related items by subject
| Subject: | Father and child > Fiction. Large type books. |
| Genre: | Love stories. |
Available copies
- 1 of 1 copy available at scottsboropl.
Holds
- 0 current holds with 1 total copy.
Show Only Available Copies
| Location | Call Number / Copy Notes | Barcode | Shelving Location | Status | Due Date |
|---|---|---|---|---|---|
| scottsboropl | F Mal | 32269000823578 | Adult - Fiction | Available | - |
| LDR | 00968pam a2200277 a 4500 | ||
|---|---|---|---|
| 001 | 131050 | ||
| 003 | CONS | ||
| 005 | 20140703073306.0 | ||
| 008 | 081119r20092009meu d 000 1 eng | ||
| 010 | . | ‡a 2008049722 | |
| 020 | . | ‡a9781602854307 (lib. bdg. : alk. paper) | |
| 020 | . | ‡a1602854300 (lib. bdg. : alk. paper) | |
| 035 | . | ‡a(CPomAG)LMN501624 | |
| 050 | 1 | 0. | ‡aPS3613.A453 ‡bS86 2009 |
| 082 | 0 | 0. | ‡a813/.6 ‡222 |
| 100 | 1 | . | ‡aMallery, Susan. |
| 245 | 1 | 0. | ‡aSunset Bay ‡h[large print] / ‡cSusan Mallery. |
| 250 | . | ‡aCenter Point large print edition | |
| 260 | . | ‡aThorndike, Me. : ‡bCenter Point Pub., ‡c2009. | |
| 300 | . | ‡a367 pages (large print) ; ‡c23 cm. | |
| 500 | . | ‡aOriginally published: New York : Pocket Star, 2009. | |
| 650 | 0. | ‡aFather and child ‡vFiction. | |
| 650 | 0. | ‡aLarge type books. | |
| 655 | 7. | ‡aLove stories. ‡2gsafd | |
| 959 | . | ‡i32269000823578 ‡lF Mal ‡aAdult - Fiction ‡tFiction ‡g34.00 | |
| 852 | . | ‡p32269000823578 ‡jF Mal ‡gAdult - Fiction ‡cFiction ‡y34.00 ‡bSBPL | |
| 901 | . | ‡a131050 ‡bUnknown ‡c131050 ‡tbiblio | |